[Event "US Amateur Team-ch East"]
[Site "Parsippany USA"]
[Date "2010.02.14"]
[Round "4"]
[White "Leverett,B"]
[Black "Hungaski,R"]
[Result "1-0"]
[WhiteElo "2287"]
[BlackElo "2401"]

1.Nf3 Nf6 2.c4 g6 3.d4 Bg7 4.Nc3 O-O 5.e4 d6 6.Be2 e5 7.O-O Nc6 8.d5 Ne7
9.Ne1 Nd7 10.Nd3 f5 11.Bd2 Nf6 12.f3 f4 13.c5 g5 14.cxd6 cxd6 15.Nf2 h5 16.a4 Rf7
17.h3 Bf8 18.Qc2 Ng6 19.Rfc1 g4 20.hxg4 hxg4 21.fxg4 Rh7 22.Ncd1 a5 23.Ra3 Qb6
24.Rb3 Qa7 25.Rb5 b6 26.Rb3 Nd7 27.Ra3 Nc5 28.Rb1 Bd7 29.Nc3 Be7 30.Nb5 Bxb5
31.axb5 Bh4 32.b4 Bxf2+ 33.Kxf2 Rh2 34.bxc5 Qh7 35.Rg1 dxc5 36.d6 Kg7 37.Qd3 Rh8
38.d7 Qh4+ 39.Kf1 Rh1 40.Bf3 Rxg1+ 41.Kxg1 Qh1+ 42.Kf2 Rd8 43.Qd6 Kf7 44.Rd3 Qb1
45.g5 Nf8 46.Qf6+ Kg8 47.g6  1-0

[Event "TCh-Eur Seniors"]
[Site "Dresden GER"]
[Date "2010.02.17"]
[Round "8"]
[White "Nordby,B"]
[Black "Versteeg,C"]
[Result "1-0"]
[WhiteElo "2128"]
[BlackElo "2052"]

1.d4 Nf6 2.Nf3 g6 3.c4 Bg7 4.Nc3 O-O 5.e4 d6 6.Be2 e5 7.O-O Nc6 8.d5 Ne7
9.Ne1 a5 10.Nd3 Nd7 11.f3 f5 12.g4 Nc5 13.Nxc5 dxc5 14.Be3 b6 15.a3 Ba6 16.Rb1 Nc8
17.b4 axb4 18.axb4 cxb4 19.Rxb4 Nd6 20.Qd2 f4 21.Bf2 Bf6 22.Ra4 Qd7 23.Rxa6 Rxa6
24.c5 Ra5 25.cxd6 Qxd6 26.Nb5 Qd7 27.Qb2 Rfa8 28.Bc4 Kf8 29.g5 Bg7 30.d6 cxd6
31.Bxb6 Rxb5 32.Bxb5 Qb7 33.Bc4 Rb8 34.Rb1 Qe7 35.Qg2 d5 36.Bxd5  1-0

[Event "TCh-Eur Seniors"]
[Site "Dresden GER"]
[Date "2010.02.17"]
[Round "8"]
[White "Baumbach,F"]
[Black "Uhlmann,W"]
[Result "1/2-1/2"]
[WhiteElo "2261"]
[BlackElo "2412"]

1.d4 Nf6 2.c4 g6 3.Nc3 d6 4.e4 Bg7 5.Nf3 O-O 6.Be2 e5 7.O-O Nc6 8.d5 Ne7
9.b4 Nh5 10.Re1 Re8 11.Ba3 Bf8 12.c5 a6 13.Nd2 Ng7 14.Nc4  1/2-1/2

[Event "Uxbridge Int Petrosian"]
[Site "Uxbridge ENG"]
[Date "2010.02.17"]
[Round "9"]
[White "Lock,G"]
[Black "Campbell,E"]
[Result "1/2-1/2"]
[WhiteElo "2170"]
[BlackElo "1954"]

1.Nf3 Nf6 2.c4 g6 3.Nc3 Bg7 4.e4 d6 5.d4 O-O 6.Be2 e5 7.O-O Nc6 8.d5 Ne7
9.b4 Nh5 10.Re1 f5 11.Ng5 Nf6 12.Bf3 c6 13.Be3 h6 14.Ne6 Bxe6 15.dxe6 fxe4
16.Nxe4 Nxe4 17.Bxe4 Nf5 18.b5 Nxe3  1/2-1/2

[Event "Open"]
[Site "Novy Bor CZE"]
[Date "2010.02.19"]
[Round "8"]
[White "Szablowski,P"]
[Black "Sindler,M"]
[Result "1-0"]
[WhiteElo "2230"]
[BlackElo "2168"]

1.Nf3 Nf6 2.c4 g6 3.d4 Bg7 4.Nc3 O-O 5.e4 d6 6.Be2 e5 7.O-O Nc6 8.d5 Ne7
9.Ne1 Nd7 10.Be3 f5 11.f3 f4 12.Bf2 g5 13.a4 Kh8 14.a5 Ng6 15.Nd3 Nf6 16.c5 h5
17.cxd6 cxd6 18.Nb5 g4 19.Bxa7 g3 20.Bb6 Qe7 21.Kh1 Ne8 22.Qd2 Nh4 23.Rfc1 Rg8
24.Ne1 Bf8 25.Bf1 Qg5 26.Nc7 Nxc7 27.Rxc7 gxh2 28.Rac1 Bh3 29.Qf2 Be7 30.Rxb7 Rg7
31.gxh3 Rag8 32.Kxh2 Qg3+ 33.Qxg3 fxg3+ 34.Kh1 g2+ 35.Bxg2 Nxg2 36.Nxg2 Rxg2
37.Rxe7 R2g3 38.Rc2 Rxf3 39.Kh2 h4 40.a6 Rf1 41.a7 Ra1 42.Rb7 Rg2+ 43.Kxg2  1-0

[Event "18th Fajr Open"]
[Site "Mashhad IRI"]
[Date "2010.02.21"]
[Round "2"]
[White "Ghane,S"]
[Black "Pajoum Tajani,F"]
[Result "1-0"]
[WhiteElo "2387"]
[BlackElo "1933"]

1.d4 Nf6 2.c4 g6 3.Nc3 Bg7 4.e4 d6 5.Be2 O-O 6.Nf3 e5 7.O-O Nc6 8.d5 Ne7
9.Ne1 Nd7 10.Nd3 f5 11.f3 f4 12.b4 Nf6 13.c5 g5 14.a4 Ng6 15.b5 Rf7 16.b6 axb6
17.cxb6 c6 18.dxc6 Qxb6+ 19.Nf2 Be6 20.cxb7 Qxb7 21.Qxd6 Qd7 22.Qxd7 Rxd7
23.Ba3 Bf8 24.Bxf8 Kxf8 25.Rfd1 Rxd1+ 26.Rxd1 Bb3 27.Ra1 Nd7 28.Bb5 Nc5 29.Nd3 Nxd3
30.Bxd3 Ne7 31.Ra3 Be6 32.Bb5 Ra5 33.Kf2 Nc8 34.Ke2 Ke7 35.Kd3 Nd6 36.Ra1 Nb7
37.Rb1 Nc5+ 38.Kc2 Kd6 39.Rb4 Ra8 40.Rb1 Kc7 41.Rb4 Kd6 42.Nb1 Rc8 43.Kb2 Rb8
44.Ka3 Ra8 45.Nd2 Kc7 46.Nc4 Bxc4 47.Rxc4 Kb6 48.Kb4 Nd3+ 49.Kc3 Nc5 50.Rb4 Kc7
51.Kc4 Kd6 52.Kc3 Kc7 53.Kb2 Kb6 54.Bc4+ Kc7 55.Ka3 Ra5 56.Bb3 Ra7 57.Rb5 Kc6
58.Bd5+ Kd6 59.a5 Nd7 60.Kb4 Kc7 61.Be6 Kd6 62.Bxd7 Rxd7 63.Rd5+  1-0

[Event "Max Euwe Challenge"]
[Site "Amsterdam NED"]
[Date "2010.02.22"]
[Round "4"]
[White "Riemersma,L"]
[Black "Motoc,A"]
[Result "1-0"]
[WhiteElo "2431"]
[BlackElo "2349"]

1.d4 Nf6 2.c4 g6 3.Nc3 Bg7 4.e4 d6 5.Nf3 O-O 6.Be2 e5 7.O-O Nc6 8.d5 Ne7
9.b4 Nh5 10.Re1 f5 11.Ng5 Nf6 12.f3 Kh8 13.Rb1 h6 14.Ne6 Bxe6 15.dxe6 c6
16.Be3 Ne8 17.Rb2 Qc8 18.c5 Qxe6 19.Rd2 Rf6 20.cxd6 Nxd6 21.Bc5 Nec8 22.Qa4 Bf8
23.exf5 gxf5 24.Bf1 Bg7 25.b5 cxb5 26.Nxb5 Nxb5 27.Rd8+ Kh7 28.Qxb5 Qc6 29.Bf2 Rd6
30.Qxc6 bxc6 31.Rxd6 Nxd6 32.Rd1 Nb5 33.Bd3 e4 34.Bc2 Re8 35.fxe4 fxe4 36.Rd7 Kh8
37.Be3 a5 38.Kf2 Rf8+ 39.Ke1 Re8 40.Kd2 Bc3+ 41.Kc1 Bg7 42.a4 Na3 43.Bb3 Rb8
44.Ba2 Bb2+ 45.Kd1 Bg7 46.Bf4 Rb4 47.Be6 Rd4+ 48.Rxd4 Bxd4 49.Bd2 Nb1 50.Bxa5 Nc3+
51.Bxc3 Bxc3 52.Kc2 Ba5 53.Kb3 Kg7 54.Kc4 Kf6 55.Bg4 Kg5 56.Bd1 Bb6 57.g3 Bg1
58.h4+ Kf5 59.a5 Bf2 60.a6 Bb6 61.Kc3 Ba7 62.Kd2 Bb6 63.Ke1 Ba7 64.Kf1 Bb6
65.Ba4 c5 66.Bb5 Ke5 67.Ke2 Kd4 68.g4 Ke5 69.Kd2 Kf4 70.Be2 Ke5 71.Kc3 Kd5
72.Bc4+ Kc6 73.g5 hxg5 74.hxg5 Bd8 75.g6 Bg5 76.Kc2 Bh6 77.Kd1 Bg7 78.Ke2 Bd4
79.Kf1 Kb6 80.Kg2 Be5 81.Kf2 Bd4+ 82.Kg3 e3 83.Kf3 Ka7 84.Ke4  1-0

[Event "18th Fajr Open"]
[Site "Mashhad IRI"]
[Date "2010.02.24"]
[Round "7"]
[White "Grabliauskas,V"]
[Black "Bahmaee,M"]
[Result "1/2-1/2"]
[WhiteElo "2422"]
[BlackElo "1951"]

1.d4 Nf6 2.c4 g6 3.Nc3 Bg7 4.e4 d6 5.Nf3 O-O 6.Be2 e5 7.O-O Nc6 8.d5 Ne7
9.Ne1 Ne8 10.Be3 f5 11.f3 f4 12.Bf2 g5 13.a4 Nf6 14.c5 h5 15.a5 Ng6 16.cxd6 cxd6
17.Nb5 g4 18.Nxa7 g3 19.Bb6 Qe7 20.Nxc8 Rfxc8 21.Bb5 Nf8 22.Kh1 N6h7 23.Nd3 Qh4
24.Bg1 gxh2 25.Bb6 Qg5 26.Nf2 Bf6 27.Nh3 Qg7 28.Bf2 Ng6 29.Qe1 Rc2 30.Kxh2 Rxb2
31.Be2 Rc8 32.Rb1 Ra2 33.Rb6 Rcc2 34.Ng1 Qd7  1/2-1/2

[Event "18th Fajr Open"]
[Site "Mashhad IRI"]
[Date "2010.02.24"]
[Round "8"]
[White "Aliev,K"]
[Black "Asnaashari,Soh"]
[Result "1-0"]
[WhiteElo "2355"]
[BlackElo "2102"]

1.d4 Nf6 2.c4 d6 3.Nf3 g6 4.Nc3 Bg7 5.e4 O-O 6.Be2 e5 7.O-O Nc6 8.dxe5 Nxe5
9.Nxe5 dxe5 10.Qxd8 Rxd8 11.Bg5 c6 12.Rfd1 Be6 13.f3 h6 14.Be3 Nd7 15.Nd5 Bf8
16.Nc7 Rac8 17.Nxe6 fxe6 18.Kf1 Kf7 19.Rd2 Bb4 20.Rd3 g5 21.Rad1 Ke8 22.Rb3 Bc5
23.Rxd7 Rxd7 24.Bxc5 b6 25.Be3 Ke7 26.a4 c5 27.Ra3 a5 28.Kf2 Kf6 29.Ra1 Rg8
30.Rh1 Rdg7 31.h4 gxh4 32.Bf1 Rd7 33.Ke2 Rgd8 34.Rxh4 Rd1 35.Rxh6+ Kf7 36.g3 Rb1
37.f4 Rxb2+ 38.Kf3 exf4 39.Bxf4 Rb4 40.Bh3 Rd3+ 41.Kg4 Rxc4 42.Kg5 Rxe4 43.Rh7+ Ke8
44.Kf6 Rdd4 45.Bxe6 Rxf4+ 46.gxf4 Rxf4+ 47.Ke5 Rd4 48.Bd5 Kf8 49.Rf7+ Ke8
50.Rb7 Rb4 51.Ke6 Kf8 52.Rf7+ Ke8 53.Rg7  1-0

[Event "Angora GM Schev"]
[Site "Ankara TUR"]
[Date "2010.02.25"]
[Round "7"]
[White "Grigore,Ge"]
[Black "Erdogdu,M"]
[Result "0-1"]
[WhiteElo "2542"]
[BlackElo "2513"]

1.d4 Nf6 2.c4 g6 3.Nc3 Bg7 4.Nf3 O-O 5.e4 d6 6.Be2 e5 7.O-O Nc6 8.d5 Ne7
9.b4 a5 10.bxa5 Rxa5 11.Nd2 c5 12.a4 Nd7 13.Nb5 Ra6 14.Ra3 f5 15.exf5 gxf5
16.Nf3 Nf6 17.Ng5 Ng6 18.f4 exf4 19.Nh3 Ne4 20.Nxf4 Nxf4 21.Bxf4 Bd7 22.Bd3 Qh4
23.Qe1 Qe7 24.Bxe4 fxe4 25.Rg3 Kh8 26.Bd2 Rxf1+ 27.Kxf1 Bxb5 28.cxb5 Rxa4
29.Bc3 Bd4 30.Bxd4+ cxd4 31.Qc1 Qf6+ 32.Kg1 Ra8 33.h3 d3 34.Qe3 Qa1+ 35.Kh2 Qe5
36.Kg1 d2  0-1

[Event "18th Fajr Open"]
[Site "Mashhad IRI"]
[Date "2010.02.25"]
[Round "9"]
[White "Sheibani,S"]
[Black "Abbasov,F"]
[Result "0-1"]
[WhiteElo "2063"]
[BlackElo "2553"]

1.d4 Nf6 2.c4 g6 3.Nc3 Bg7 4.e4 d6 5.Nf3 O-O 6.Be2 e5 7.O-O Nc6 8.d5 Ne7
9.b4 a5 10.Ba3 axb4 11.Bxb4 Nd7 12.a4 Bh6 13.Ne1 f5 14.Bf3 Nf6 15.c5 fxe4
16.cxd6 cxd6 17.Nxe4 Nxe4 18.Bxe4 Bf5 19.Bxf5 gxf5 20.Rb1 Qd7 21.a5 Ng6 22.Nc2 Rf6
23.Ne3 Kh8 24.Bd2 Qg7 25.Qb3 Nh4 26.Qxb7 Nf3+ 27.Kh1 Qxb7 28.Rxb7 Nxd2 29.Ra1 Bxe3
30.fxe3 Kg8 31.a6 Rf7  0-1

[Event "18th Fajr Open"]
[Site "Mashhad IRI"]
[Date "2010.02.25"]
[Round "9"]
[White "Mousavi Ghods,H"]
[Black "Hosseinzadeh,N"]
[Result "1/2-1/2"]
[WhiteElo "1898"]
[BlackElo "2293"]

1.d4 Nf6 2.c4 g6 3.Nc3 Bg7 4.e4 d6 5.Nf3 O-O 6.Be2 e5 7.O-O Nc6 8.d5 Ne7
9.b4 Nh5 10.Re1 a5 11.Ba3 Nf4 12.bxa5 Rxa5 13.Bb4 Nxe2+ 14.Rxe2 Ra6 15.c5 Bh6
16.Nd2 f5 17.cxd6 cxd6 18.Nc4 Qc7 19.Qb3 fxe4 20.Nb5 Qd7 21.Nbxd6 Qa4 22.Qxa4 Rxa4
23.Nxc8 Rxc8 24.Bxe7 Raxc4 25.g3 Rd4 26.d6 Kf7 27.Rb2 Rc1+ 28.Rxc1 Bxc1 29.Rc2 e3
30.fxe3 Bxe3+ 31.Kf1 Rd2 32.Rc3 Rf2+ 33.Ke1 Bd2+ 34.Kxf2 Bxc3 35.Bd8 Ke6
36.Bc7 Kd7 37.Ke3 Bb4 38.Ke4 Bxd6 39.Ba5 Kc6 40.Bc3 Kc5 41.Bxe5 Bxe5 42.Kxe5 b6
43.g4 Kb4 44.Kd6 Ka3 45.Kc6 Kxa2 46.Kxb6 Kb3 47.Kc5 Kc3  1/2-1/2

[Event "ch-IND National Teams"]
[Site "Gurgaon IND"]
[Date "2010.02.27"]
[Round "9"]
[White "Arun Prasad,S"]
[Black "Lahiri,A"]
[Result "1-0"]
[WhiteElo "2567"]
[BlackElo "2379"]

1.d4 Nf6 2.c4 g6 3.Nc3 Bg7 4.e4 d6 5.Nf3 O-O 6.Be2 e5 7.O-O Nc6 8.d5 Ne7
9.b4 Nh5 10.Re1 f5 11.Ng5 Nf6 12.f3 Kh8 13.c5 h6 14.Ne6 Bxe6 15.dxe6 d5 16.exd5 Nfxd5
17.Nxd5 Qxd5 18.Qb3 Qxb3 19.axb3 Nc6 20.Ra4 Rfe8 21.Be3 Nd8 22.Rea1 Nxe6
23.Rxa7 Rab8 24.Bc4 f4 25.Bd2 e4 26.fxe4 Bxa1 27.Rxa1 Rbd8 28.Bc3+ Kh7 29.h4 Nd4
30.Ra7 Rxe4 31.Bxd4 Rexd4 32.Rxb7 R4d7 33.b5 g5 34.Be2 Kg6 35.Bg4 Rd1+ 36.Bxd1 Rxd1+
37.Kf2 Rd2+ 38.Kf1 g4 39.Rxc7 g3 40.b6 Rf2+ 41.Ke1 Rb2 42.b7 f3 43.gxf3  1-0

[Event "Reykjavik Open"]
[Site "Reykjavik ISL"]
[Date "2010.02.27"]
[Round "5"]
[White "Carstensen,J"]
[Black "Omarsson,D"]
[Result "1-0"]
[WhiteElo "2317"]
[BlackElo "2131"]

1.d4 Nf6 2.c4 g6 3.Nc3 Bg7 4.e4 d6 5.Nf3 O-O 6.Be2 e5 7.O-O Nc6 8.d5 Ne7
9.b4 Nh5 10.Re1 f5 11.Ng5 Nf6 12.Bf3 c6 13.Bb2 h6 14.Ne6 Bxe6 15.dxe6 fxe4
16.Bxe4 d5 17.Bc2 dxc4 18.Qe2 Qb6 19.a3 Nfd5 20.Na4 Nf4 21.Qe4 Qc7 22.Nc5 Rad8
23.Nd7 Rxd7 24.exd7 Qxd7 25.h3 Qd2 26.Qxc4+ Ned5 27.Rf1 b5 28.Qb3 Kh7 29.Rad1 Ne2+
30.Kh1 Qg5 31.Bc1 Nxc1 32.Rxc1 Rxf2 33.Be4 Nf6 34.Qd3 Rd2 35.Qf3 Rd4 36.Rce1 Nh5
37.Re3 Nf4 38.Qg4 Qxg4 39.hxg4 Nd5 40.Ree1 a5 41.bxa5 Ra4 42.Rf7 Kg8 43.Ra7 Nc3
44.Bxg6 Rxg4 45.Ra8+ Bf8 46.Rf1  1-0

[Event "48th XtraCon TCh-DEN 2009-10"]
[Site "Denmark DEN"]
[Date "2010.03.03"]
[Round "8"]
[White "Olsen,N"]
[Black "Lindfeldt,J"]
[Result "1-0"]
[WhiteElo "2256"]
[BlackElo "2237"]

1.d4 Nf6 2.c4 g6 3.Nc3 Bg7 4.e4 d6 5.Be2 O-O 6.Nf3 e5 7.O-O Nc6 8.d5 Ne7
9.Ne1 Nd7 10.Be3 f5 11.f3 f4 12.Bf2 g5 13.Nd3 Nf6 14.c5 Ng6 15.Rc1 Rf7 16.b4 h5
17.h3 g4 18.fxg4 hxg4 19.hxg4 Bh6 20.Bf3 Bg5 21.Qe2 Rh7 22.Rc2 Bh4 23.Bxh4 Rxh4
24.Nf2 a6 25.Rfc1 Ne8 26.c6 b6 27.Kf1 Rh2 28.Ke1 Qh4 29.Kd2 Nf6 30.Rg1 Nh8
31.Rcc1 Nf7 32.Rh1 Ng5 33.Rxh2 Qxh2 34.Rh1 Qg3 35.Rh6 Kg7 36.Nh1 Nxf3+ 37.gxf3 Qg1
38.Qh2 Qe3+ 39.Kc2 Qxf3 40.g5 Ng8 41.Rh8 Bh3 42.Rxh3  1-0

[Event "81st ch-GER"]
[Site "Bad Liebenzell GER"]
[Date "2010.03.06"]
[Round "2"]
[White "Schloetzer,W"]
[Black "Bastian,H"]
[Result "1-0"]
[WhiteElo "2293"]
[BlackElo "2351"]

1.d4 Nf6 2.c4 g6 3.Nc3 Bg7 4.e4 O-O 5.Nf3 d6 6.Be2 e5 7.O-O Nc6 8.d5 Ne7
9.Ne1 Ne8 10.Nd3 f5 11.Bd2 Nf6 12.f3 f4 13.c5 h5 14.Rc1 g5 15.Nb5 Ne8 16.Ba5 b6
17.cxd6 cxd6 18.Be1 Bd7 19.Nb4 a6 20.Nc3 b5 21.Bf2 Ng6 22.a4 g4 23.fxg4 Qg5
24.gxh5 Nh4 25.Bxh4 Qxh4 26.Nc6 Bh6 27.Rc2 Rf7 28.axb5 axb5 29.Bf3 Nc7 30.Qe1 Qf6
31.Qe2 Kh7 32.Nxb5 Nxb5 33.Qxb5 Rg8 34.Qd3 Rfg7 35.b4 Qh4 36.b5 Rg3 37.Kh1 Bg4
38.Ne7 Rg5 39.Nf5 Bxf5 40.exf5 Rxh5 41.f6+ Kg8 42.h3 Rxh3+ 43.gxh3 Qxh3+
44.Kg1 Rg5+ 45.Kf2 e4 46.Bxe4 f3 47.Qxf3 Rg2+ 48.Qxg2+  1-0

[Event "FSGM March"]
[Site "Budapest HUN"]
[Date "2010.03.06"]
[Round "1"]
[White "Gonda,L"]
[Black "Konnyu,J"]
[Result "1-0"]
[WhiteElo "2482"]
[BlackElo "2366"]

1.Nf3 Nf6 2.c4 d6 3.d4 g6 4.Nc3 Bg7 5.e4 O-O 6.Be2 e5 7.O-O Nc6 8.Be3 Ng4
9.Bg5 f6 10.Bh4 g5 11.Bg3 Nh6 12.dxe5 fxe5 13.Nd5 Nf7 14.Rc1 Nh8 15.h4 Rxf3
16.Bxf3 gxh4 17.Bh2 Nd4 18.Bg4 Ng6 19.Kh1 Qg5 20.Bxc8 Rxc8 21.c5 dxc5 22.Rxc5 Ne6
23.Rc3 Kh8 24.Ne3 Rd8 25.Rd3 Rd4 26.Rxd4 exd4 27.Nf5 Be5 28.Qa4 Bxh2 29.Qe8+ Ngf8
30.Kxh2 Qf4+ 31.Kg1 Qxe4 32.Qf7 h6 33.Qf6+ Kh7 34.Qxh6+ Kg8 35.Nxh4 c5 36.Nf3 Qf5
37.Re1 d3 38.Re5 Qg4 39.Rh5 Qg7 40.Qxg7+ Kxg7 41.Rd5 c4 42.Nd2  1-0

[Event "81st ch-GER"]
[Site "Bad Liebenzell GER"]
[Date "2010.03.08"]
[Round "4"]
[White "Issing,P"]
[Black "Bastian,H"]
[Result "0-1"]
[WhiteElo "2291"]
[BlackElo "2351"]

1.d4 Nf6 2.c4 g6 3.Nc3 Bg7 4.e4 O-O 5.Nf3 d6 6.Be2 e5 7.O-O Nc6 8.d5 Ne7
9.b4 Ne8 10.a4 a5 11.bxa5 Rxa5 12.Nd2 f5 13.Ba3 Kh8 14.Bb4 Ra8 15.c5 fxe4
16.Ndxe4 Nf5 17.Bd3 Nd4 18.cxd6 cxd6 19.Nb5 Nxb5 20.Bxb5 Bf5 21.Re1 Bxe4
22.Rxe4 Nf6 23.Rc4 Qb6 24.Ra2 Rf7 25.Rac2 Raf8 26.Rc8 e4 27.Rxf8+ Rxf8 28.Bc3 Nh5
29.Bxg7+ Kxg7 30.Qd2 Nf6 31.h3 Rf7 32.g4 h6 33.Qc3 Re7 34.Kg2 Kf7 35.Qc8 Kg7
36.Qc3 g5 37.Qb2 Re5 38.Bc4 Qxb2 39.Rxb2 Nxd5 40.Rxb7+ Kf6 41.Bxd5 Rxd5 42.Rh7 Rd2
43.Rxh6+ Ke5 44.Kf1 Rd1+ 45.Ke2 Rh1 46.a5 d5 47.a6 d4 48.a7 Ra1 49.Rh7 Ra2+
50.Kf1 d3 51.Rd7 Ra1+ 52.Kg2 Ra4 53.Rb7 Ra2 54.Kg3 Ke6 55.Rb6+ Kd5 56.Rb5+ Kc4  0-1

[Event "81st ch-GER"]
[Site "Bad Liebenzell GER"]
[Date "2010.03.09"]
[Round "5"]
[White "Schwing,H"]
[Black "Heimann,An"]
[Result "0-1"]
[WhiteElo "2308"]
[BlackElo "2458"]

1.d4 Nf6 2.c4 g6 3.Nc3 Bg7 4.e4 d6 5.Nf3 O-O 6.Be2 e5 7.O-O Nc6 8.d5 Ne7
9.b4 Ne8 10.a4 f5 11.a5 Nf6 12.Bg5 Nh5 13.exf5 gxf5 14.Rc1 Nf6 15.Ne1 h6
16.Bd2 f4 17.Bd3 Kh8 18.Kh1 Bg4 19.f3 Bd7 20.Bb1 Nf5 21.Bxf5 Bxf5 22.Qe2 Qe8
23.Nd3 Qg6 24.Nf2 Rf7 25.Nfe4 Nh5 26.Be1 Rg8 27.Rd1 Bf8 28.Rd2 Rfg7 29.Qf2 a6
30.b5 Qe8 31.Qa7 Bc8 32.Rb2 Qd7 33.c5 axb5 34.cxd6 b4 35.Nb1 cxd6 36.Bxb4 Rg6
37.Be1 Ng7 38.Rg1 Nf5 39.Bf2 Qg7 40.g4 fxg3 41.hxg3 Ne7 42.Rxb7 Bxb7 43.Qxb7 Qf7
44.Nbd2 Qxd5 45.a6 Qc6 46.Qxc6 Nxc6 47.a7 Nxa7 48.Bxa7 d5 49.Nc3 Ra6 50.Bb8 Bg7
51.Rb1 Rd8 52.Rb5 e4 53.Ncxe4 dxe4 54.Nxe4 Rd3 55.Nc5 Ra1+ 56.Kg2 Ra2+ 57.Kh3 Rd5
58.f4 Ra8 59.Kg4 Bf8 60.Be5+ Kg8 61.Kh5 Bxc5 62.g4 Rad8 63.Rb7 Bf8 64.g5 hxg5
65.Kxg5 R5d7 66.Rb1 Bg7  0-1

[Event "26th ChessOrg Schachfestival"]
[Site "Bad Woerishofen GER"]
[Date "2010.03.09"]
[Round "4"]
[White "Safyanowsky,M"]
[Black "Pierecker,M"]
[Result "1/2-1/2"]
[WhiteElo "2292"]
[BlackElo "2258"]

1.d4 Nf6 2.c4 g6 3.Nc3 Bg7 4.e4 d6 5.Nf3 O-O 6.Be2 e5 7.O-O Nc6 8.d5 Ne7
9.Ne1 Nd7 10.Nd3 f5 11.Bd2 Nf6 12.f3 f4 13.c5 g5 14.cxd6 cxd6 15.Nf2 Ng6  1/2-1/2

[Event "81st ch-GER"]
[Site "Bad Liebenzell GER"]
[Date "2010.03.10"]
[Round "6"]
[White "Bogner,S"]
[Black "Hirneise,T"]
[Result "1/2-1/2"]
[WhiteElo "2522"]
[BlackElo "2438"]

1.Nf3 Nf6 2.c4 g6 3.Nc3 Bg7 4.e4 d6 5.d4 O-O 6.Be2 e5 7.O-O Nc6 8.Be3 Ng4
9.Bg5 f6 10.Bh4 g5 11.Bg3 Nh6 12.dxe5 fxe5 13.c5 g4 14.Bc4+  1/2-1/2

[Event "81st ch-GER"]
[Site "Bad Liebenzell GER"]
[Date "2010.03.10"]
[Round "6"]
[White "Raykhman,A"]
[Black "Schoene,R"]
[Result "1/2-1/2"]
[WhiteElo "2352"]
[BlackElo "2316"]

1.d4 Nf6 2.c4 g6 3.Nc3 Bg7 4.e4 d6 5.Nf3 O-O 6.Be2 e5 7.O-O Nc6 8.d5 Ne7
9.Ne1 Nd7 10.Nd3 f5 11.Bd2 Nf6 12.f3 Rf7 13.c5 f4 14.Rc1 Ne8 15.Nb5 g5 16.Ba5 b6
17.cxd6 cxd6 18.Be1 a6 19.Nc3 a5 20.Nb5 Ng6 21.a4 Nc7 22.Nxc7 Rxc7 23.Bf2 Rxc1
24.Nxc1 Nf8 25.Bb5 Nd7 26.Na2 Nc5 27.b4 axb4 28.Nxb4 g4 29.Kh1 Qg5 30.Nc6 Kh8
31.Bxc5 bxc5 32.Qe2 Bf6 33.Rb1 Qh5 34.Qf1  1/2-1/2

[Event "ITT Benko Club Argentino"]
[Site "Buenos Aires ARG"]
[Date "2010.03.10"]
[Round "4"]
[White "Quiroga,F"]
[Black "Filion,C"]
[Result "1-0"]
[WhiteElo "2334"]
[BlackElo "2217"]

1.d4 Nf6 2.c4 g6 3.Nc3 Bg7 4.e4 d6 5.Nf3 O-O 6.Be2 e5 7.O-O Nc6 8.d5 Ne7
9.Ne1 Nd7 10.Nd3 f5 11.f3 Nf6 12.Bd2 f4 13.c5 g5 14.Rc1 Ng6 15.cxd6 cxd6
16.Nb5 Rf7 17.Qc2 Ne8 18.a4 h5 19.Nf2 Bd7 20.Qb3 Bf6 21.Rc2 Qb8 22.Rfc1 Bd8
23.a5 a6 24.Na3 b5 25.h3 Rg7 26.Kf1 g4 27.fxg4 Nh4 28.g3 Ng6 29.gxh5 fxg3
30.hxg6 gxf2 31.Bg4 Bxg4 32.hxg4 Rxg6 33.Qf3 Rf6 34.Qh3 Rf7 35.g5 Qa7 36.g6 Re7
37.Bh6 Qd7 38.Qf3 Ng7 39.b4 Re8 40.Rxf2 Ra7 41.Ke2 Qe7 42.Rcf1 Rc7 43.Qf7+  1-0

[Event "IGM Apatin & Vukovar"]
[Site "Banja Junakovic/Vukovar SRB/CRO"]
[Date "2010.03.19"]
[Round "10"]
[White "Szuhanek,R"]
[Black "Nurkic,S"]
[Result "0-1"]
[WhiteElo "2496"]
[BlackElo "2379"]

1.Nf3 Nf6 2.c4 g6 3.Nc3 Bg7 4.e4 d6 5.d4 O-O 6.Be2 e5 7.O-O Nc6 8.d5 Ne7
9.b4 a5 10.Ba3 b6 11.bxa5 Rxa5 12.Bb4 Ra8 13.a4 Re8 14.Ra3 c5 15.dxc6 Nxc6
16.Bxd6 Nd4 17.Bb4 Bb7 18.Bd3 Nc6 19.Rb3 Nxb4 20.Rxb4 Bf8 21.Rb2 Bc5 22.Nd5 Bc6
23.Bc2 Ra5 24.Nd2 Ra7 25.Qf3 Re6 26.Ra2 b5 27.Nb3 Bd6 28.c5 Bf8 29.axb5 Rxa2
30.bxc6 Rxc2 31.Qd3 Nxd5 32.exd5 Rxc6 33.Qxc2 Qxd5 34.Rd1 Qe6 35.h3 Rc8 36.Re1 Be7
37.Qc3 f6 38.Rd1 Kg7 39.Qb4 Qc6 40.Qc4 Rb8 41.Rd2 Rb7  0-1

[Event "TCh-SUI 2010"]
[Site "Switzerland SUI"]
[Date "2010.03.21"]
[Round "2.6"]
[White "Rindlisbacher,J"]
[Black "Heimann,An"]
[Result "0-1"]
[WhiteElo "2088"]
[BlackElo "2464"]

1.d4 Nf6 2.c4 g6 3.Nc3 Bg7 4.e4 d6 5.Nf3 O-O 6.Be2 e5 7.O-O Nc6 8.d5 Ne7
9.b4 Ne8 10.Ba3 f5 11.c5 Nf6 12.cxd6 cxd6 13.Ng5 Bh6 14.Ne6 Bxe6 15.dxe6 Rc8
16.Qd3 Qb6 17.Rad1 Rxc3 18.Qxc3 Nxe4 19.Qh3 Kg7 20.b5 Rc8 21.Bb4 a5 22.Be1 d5
23.Qa3 Qxe6 24.Qxa5 d4 25.Qa7 Rc7 26.f4 Nd5 27.b6 Re7 28.Bc4 Qc6 29.Bxd5 Qxd5
30.Qa3 Rd7 31.fxe5 Be3+ 32.Kh1 Qxe5 33.Qxe3 dxe3 34.Rxd7+ Kh6 35.Rxb7 Qb5
36.Kg1 e2 37.Rf2 Qc5 38.Rc7 Qxb6 39.Rc1 Qe3 40.Ra1 Qd4 41.Rb1 Nxf2 42.Bxf2 Qd1+  0-1

[Event "ch-Moscow KO"]
[Site "Moscow RUS"]
[Date "2010.03.27"]
[Round "2.2"]
[White "Korotylev,A"]
[Black "Mozharov,M"]
[Result "0-1"]
[WhiteElo "2594"]
[BlackElo "2474"]

1.d4 Nf6 2.c4 g6 3.Nc3 Bg7 4.e4 d6 5.Be2 O-O 6.Nf3 e5 7.O-O Nc6 8.d5 Ne7
9.Nd2 Ne8 10.b4 f5 11.f3 f4 12.c5 g5 13.Nc4 Ng6 14.a4 Rf7 15.Ba3 h5 16.a5 Nf6
17.b5 dxc5 18.Bxc5 g4 19.Bf2 Bf8 20.Kh1 Rg7 21.Ra2 g3 22.hxg3 fxg3 23.Bxg3 h4
24.Bxe5 Nxe5 25.Nxe5 Nh5 26.d6 Ng3+ 27.Kh2 Bxd6 28.Qd5+ Kh7 29.f4 Nxf1+ 30.Bxf1 Qf6
31.Rf2 Be6 32.Qd4 Rf8 33.Rf3 Rg3 34.Ne2 Rxf3 35.Nxf3 Bxf4+ 36.Nxf4 Qxd4 37.Nxd4 Rxf4
38.Kg1 Bg4 39.Bc4 Kg7 40.Bd5 Bc8 41.Bxb7 Bxb7 42.Ne6+ Kf6 43.Nxf4 Bxe4 44.Kf2 Kf5
45.Ne2 Ke5 46.Ng1 Kd4 47.g3 hxg3+ 48.Kxg3 Bd3 49.Nf3+ Ke3 50.b6 axb6 51.axb6 cxb6
52.Ne5 b5 53.Nc6 Be4 54.Nb4 Kd4 55.Kf4 Kc4 56.Na6 Bb7 57.Nc7 b4 58.Ke3 b3
59.Kd2 Bc6  0-1

[Event "TCh-AUT 2009-10"]
[Site "Baden AUT"]
[Date "2010.03.29"]
[Round "10"]
[White "Meier,Geo"]
[Black "Polzin,R"]
[Result "0-1"]
[WhiteElo "2653"]
[BlackElo "2473"]

1.d4 Nf6 2.c4 g6 3.Nc3 Bg7 4.e4 d6 5.Nf3 O-O 6.Be2 e5 7.O-O Nc6 8.d5 Ne7
9.Ne1 Nd7 10.Nd3 f5 11.Bd2 Nf6 12.f3 f4 13.c5 g5 14.Rc1 Ng6 15.Nb5 Rf7 16.Ba5 b6
17.cxd6 cxd6 18.Be1 a6 19.Nc3 a5 20.Bf2 Rb8 21.Nb5 Bf8 22.Rc6 Ne8 23.a4 Bd7
24.Rc3 Rb7 25.b4 h5 26.bxa5 bxa5 27.Na7 Nf6 28.Nc6 Qa8 29.Qc2 g4 30.Nb2 Rg7
31.Nc4 g3 32.hxg3 fxg3 33.Bxg3 h4 34.Bh2 Nh5 35.Ne3 Ng3 36.Re1 Nf4 37.Bd1 Rb6
38.Ng4 Kh8 39.Qf2 Rb1 40.Rce3 Bxc6 41.dxc6 Qxc6 42.Bxg3 hxg3 43.Qxg3 Be7
44.Qf2 Bd8 45.Bb3 Rxe1+ 46.Qxe1 Qc5 47.Kh1 Rh7+ 48.Nh2 Qd4 49.g3 Qb2 50.Qg1 Nh3
51.Qf1 Nf2+ 52.Kg1 Nh3+ 53.Kh1 Nf2+ 54.Kg1 Rxh2 55.Re2 Rh1+ 56.Kg2 Qxb3 57.Qxf2 Rh7
58.f4 Bb6 59.Rb2 Qxa4 60.Qe2 Qd4 61.Kf3 exf4 62.gxf4 Qc3+  0-1

[Event "22nd Kreuz-Open"]
[Site "Lenk SUI"]
[Date "2010.04.02"]
[Round "3"]
[White "Coletta,S"]
[Black "Borner,D"]
[Result "0-1"]
[WhiteElo "1989"]
[BlackElo "2232"]

1.d4 g6 2.c4 Bg7 3.e4 d6 4.Nf3 Nf6 5.Nc3 O-O 6.Be2 e5 7.O-O Nc6 8.d5 Ne7
9.b4 Nh5 10.Re1 a5 11.Ba3 axb4 12.Bxb4 b6 13.a4 Nf4 14.Bf1 f5 15.a5 bxa5
16.Rxa5 Rb8 17.Qa4 fxe4 18.Nxe4 Nh3+ 19.gxh3 Rxf3 20.Bg2 Bd7 21.Qa2 Rf8 22.Bd2 Bf5
23.c5 Bxe4 24.Bxe4 Nf5 25.Ra7 Ra8 26.Rb1 Rxa7 27.Qxa7 Nd4 28.Be3 Qh4 29.Bg2 Ne2+
30.Kh1 Nf4 31.cxd6 Nxg2 32.Rb8 Qe4 33.Rxf8+ Bxf8 34.Kg1 Nh4  0-1

[Event "FSIM April"]
[Site "Budapest HUN"]
[Date "2010.04.03"]
[Round "11"]
[White "Nguyen Thi Mai Hung"]
[Black "Farago,S"]
[Result "1/2-1/2"]
[WhiteElo "2224"]
[BlackElo "2256"]

1.d4 Nf6 2.c4 g6 3.Nc3 Bg7 4.e4 d6 5.Be2 e5 6.Nf3 O-O 7.O-O Nc6 8.d5 Ne7
9.b4 Kh8 10.c5 a6 11.a4 Nfg8 12.Ba3 f5 13.b5 fxe4 14.Nxe4 Nf5 15.b6 cxb6
16.cxd6 Bd7 17.Rb1 Nf6 18.Neg5 Qe8 19.Rxb6 Bxa4 20.Qd2 e4 21.Ne1  1/2-1/2

[Event "17th TCh-RUS Higher League"]
[Site "Dagomys RUS"]
[Date "2010.04.04"]
[Round "3"]
[White "Sumets,A"]
[Black "Gladyszev,O"]
[Result "1/2-1/2"]
[WhiteElo "2614"]
[BlackElo "2473"]

1.d4 Nf6 2.c4 g6 3.Nc3 Bg7 4.e4 d6 5.Nf3 O-O 6.Be2 e5 7.O-O Nc6 8.d5 Ne7
9.b4 Nh5 10.Re1 a5 11.bxa5 Rxa5 12.a4 c5 13.Ra3 Nf6 14.Bb2 Ne8 15.Nd2 Ra6
16.Nb5 f5 17.exf5 Nxf5 18.Bg4 Nf6 19.Bh3 h5 20.Ne4  1/2-1/2

[Event "ch-WLS"]
[Site "Cardiff WLS"]
[Date "2010.04.05"]
[Round "6"]
[White "Brown,Th"]
[Black "Jones,RS"]
[Result "1/2-1/2"]
[WhiteElo "2055"]
[BlackElo "2332"]

1.d4 Nf6 2.c4 g6 3.Nc3 Bg7 4.e4 d6 5.Nf3 O-O 6.Be2 e5 7.O-O Nc6 8.d5 Ne7
9.Ne1 Nd7 10.Be3 f5 11.f3 f4 12.Bf2 g5 13.a4 a5 14.Nd3 b6 15.b4 axb4 16.Nxb4 Nf6
17.Nd3 Rf7 18.Be1 Bf8 19.g4 fxg3 20.hxg3 Ng6 21.Kg2 Rg7 22.Kf2 Qd7 23.Ke3 Rf7
24.Kd2 g4 25.fxg4 Bh6+ 26.Kc2 Nxg4 27.Bxg4 Qxg4 28.Qxg4 Bxg4 29.Rxf7 Kxf7
30.Nb5 Be3 31.Nb2 Bf3 32.Kd3 Bd4 33.Nxd4 exd4 34.Bd2 Re8 35.Rf1 Ne5+ 36.Kxd4 Kf6
37.Bf4 Bg2 38.Rf2 c5+ 39.dxc6 Nxc6+ 40.Kd5 Bxe4+ 41.Kxd6 Nd4 42.Kc7 Re6 43.Rd2 Rc6+
44.Kb8 Ne6 45.Rd6 Kf5 46.Rxc6 Bxc6 47.Ka7 Nxf4 48.gxf4 h5 49.Kxb6 Bxa4 50.Nxa4 h4
51.c5  1/2-1/2